Balkan Map Quiz - Statistics

General Stats
  • This quiz has been taken 120 times
  • The average score is 10 of 12
Answers on the Map
Answers color-coded by a green-red scale on the quiz's map according to % correct below.
 
Answer Stats
Answer % Correct
Greece
89%
Albania
88%
Croatia
88%
Montenegro
86%
North Macedonia
86%
Romania
86%
Bulgaria
85%
Serbia
85%
Kosovo
81%
Slovenia
81%
Bosnia and Herzegovina
79%
Hungary
75%
No matching quizzes found
Score Distribution
Percent of People with Each Score
Percentile by Number Answered
Your Score History
You have not taken this quiz